00000000nam##2200000za#4500
0019.574519
003CaOODSP
00520210624184225
007cr |||||||||||
008150406|2006||||xxc|||||o    f|0| 0 eng|d
040 |aCaOODSP|beng
043 |an-cn---
0861 |aTU3-5/06-23E-PDF
1102 |aTransportation Safety Board of Canada.
24510|aCollision with terrain - Tweedsmuir Air Services Ltd. Cessna A185F CF-BUO, Mount Downton, British Columbia, 07 August 2006 |h[electronic resource]
260 |aGatineau - Quebec : |bTransportation Safety Board of Canada |c2007.
300 |a4p.
4901 |aAviation investigation report |vA06P0157
500 |a"The Board authorized the release of this report on 28 March 2007" --p.4.
590 |a12-33-Supp|b2012-07-18
77508|tCollision avec le relief du Cessna A185F CF-BUO, exploité par Tweedsmuir Air Services Ltd. au mont Downton (Colombie-Britannique), le 7 août 2006 |w(CaOODSP)9.604263
830#0|aAviation investigation report ;|vA06P0157|w(CaOODSP)9.504825
85640|ahttp://publications.gc.ca|qPDF|s158 KB|uhttps://publications.gc.ca/collections/collection_2012/bst-tsb/TU3-5-06-23-eng.pdf|yA06P0157